Statistics for Philippine History

Click here to take the quiz!

General Stats

  • This quiz has been taken 656 times
  • The average score is 8 of 15

Answer Stats

HintAnswer% Correct
Capital cityManila
98%
National HeroJose Rizal
94%
Country That Colonized Philippines for 333 YearsSpain
85%
There are four Colors in their flag the White,blue,red and ______?Yellow
82%
First PresidentEmilio Aguinaldo
79%
National languageFilipino
74%
Portugese expeditioner who Killed in The battle in Cebu in 1521Ferdinand Magellan
69%
Senator who Assasinated in Manila international Airport in 1981Ninoy Aquino
64%
The province where can you found the Undder ground RiverPalawan
62%
Their indangered animal that can only found in Mindoro IslandsTamaraw
45%
Current PresidentBenigno Aquino III
29%
the march that many filipino and americans are died in WW2Bataan death march
16%
Strongest Typhoon that hits Philippines in 2013Typhoon Haiyan
10%
Longest mountain range in PhilippinesChocolate hills
3%
He say's I shall return to the filipino during the WW2General Doughlas McArthur
1%

Score Distribution

Percentile by Number Answered

Percent of People with Each Score

Your Score History

You have not taken this quiz